Geography Quiz

Random Geography or State Quiz

Last Letter US States 5 to 1 Quiz Stats

Quiz Updated Oct 5, 2016

Challenge
Share
Tweet
Embed
Score 0/15 Timer 02:00
35 Plays Today
% Correct
Kansas
86.2%
Arkansas
83.6%
Hawaii
83.5%
Texas
81.7%
Kentucky
78.4%
Oregon
77.6%
Washington
77.2%
Utah
74.4%
% Correct
Mississippi
74%
Michigan
70.3%
Illinois
70.2%
Wisconsin
66%
New Jersey
65.8%
Missouri
65.4%
Massachusetts
62%

You're not logged in!

Compare scores with friends on all Sporcle quizzes.
Sign Up with Email
OR
Log In

You Might Also Like...

Show Comments

Extras

Top Quizzes Today


Score Distribution

Your Account Isn't Verified!

In order to create a playlist on Sporcle, you need to verify the email address you used during registration. Go to your Sporcle Settings to finish the process.